| 000 | 01013cam a22003137a 4500 | ||
|---|---|---|---|
| 003 | CHAP | ||
| 005 | 20220817042421.0 | ||
| 008 | 971013s1972 r 00010 d | ||
| 010 | _a44026 | ||
| 011 | _a44998 | ||
| 035 | _a49137 | ||
| 040 | _cCHAP | ||
| 090 | _aFolleto 1900 | ||
| 100 | 0 | 0 |
_aTamayo, Jorge L. _9111549 |
| 245 | 1 | 4 | _aLos límites de la tierra; conceptos e ideas |
| 260 |
_aMéxico, D.F. : _bSociedad Mexicana de Historia Natural, _c1972 |
||
| 300 | _a32 p. | ||
| 490 | 0 |
_aBoletín de divulgación _v; 11 |
|
| 590 |
_aBATCH-UPD _b10 _c20130110 _lUCH01 _h1353 |
||
| 590 |
_aBATCH-UPD _b10 _c20130410 _lUCH01 _h0848 |
||
| 590 |
_aBATCH-UPD _b10 _c20130914 _lUCH01 _h0652 |
||
| 590 |
_aCONVERSION _b10 _c20130109 _lUCH01 _h1324 |
||
| 650 | 1 | 4 |
_aRecursos naturales _xUtilización. _995321 |
| 830 | 0 |
_aBoletín de divulgación _v; 11 |
|
| 901 | _aBK | ||
| 942 | _cFOLL | ||
| 949 |
_aFolleto 1900 _bBC _cFOLL _d-110924 _eTS1 _i49137 _mD _si |
||
| 949 |
_aFolleto 1900 _bBC _cFOLL _d-110925 _eTS2 _fc.2 _i49137 _mD _si |
||
| 999 |
_c44026 _d44026 |
||